书目信息 |
| 题名: |
高分子膜分离材料的表面工程
|
|
| 作者: | 徐志康 , 黄小军 , 万灵书 著 | |
| 分册: | ||
| 出版信息: | 杭州 浙江大学出版社 2008.10 |
|
| 页数: | XI, 333页 | |
| 开本: | 24cm | |
| 丛书名: | ||
| 单 册: | ||
| 中图分类: | TB324 | |
| 科图分类: | ||
| 主题词: | 高分子材料--gao fen zi cai liao--薄膜--金属表面处理--英文 | |
| 电子资源: | ||
| ISBN: | 978-7-308-06169-8 | |
| 000 | 01213nam0 2200289 450 | |
| 001 | 012009570225 | |
| 005 | 20090506084832.79 | |
| 010 | @a978-7-308-06169-8@b精装@dCNY150.00 | |
| 100 | @a20090506d2008 em y0chiy0120 ea | |
| 101 | 0 | @aeng |
| 102 | @aCN@b330000 | |
| 105 | @aak a 001yy | |
| 106 | @ar | |
| 200 | 1 | @a高分子膜分离材料的表面工程@Agao fen zi mo fen li cai liao de biao mian gong cheng@d= Surface engineering of polymer membrances@fZhikang Xu, Xiaojun Huang, Lingshu Wan@zeng |
| 210 | @a杭州@c浙江大学出版社@d2008.10 | |
| 215 | @aXI, 333页@c图@d24cm | |
| 314 | @a责任者Zhikang Xu, Xiaojun Huang, Lingshu Wan规范汉译名 : 徐志康, 黄小军, 万灵书 | |
| 320 | @a有书目和索引 | |
| 330 | @a本书包括膜分离材料表面的接枝聚合、仿生与纳米结构的构建和酶的固定化等,学科领域涉及化学(高分子化学和有机化学)、材料科学(高分子膜分离材料)和生物工程(酶固定化)。 | |
| 510 | 1 | @aSurface engineering of polymer membrances@zeng |
| 606 | 0 | @a高分子材料@Agao fen zi cai liao@x薄膜@x金属表面处理@x英文 |
| 690 | @aTB324@v4 | |
| 701 | 0 | @a徐志康@Axu zhi kang@4著 |
| 701 | 0 | @a黄小军@Ahuang xiao jun@4著 |
| 701 | 0 | @a万灵书@Awan ling shu@4著 |
| 801 | 0 | @aCN@bQSSK@c20090506 |
| 905 | @b742955-56@dTB324@eX843@f2 | |
| 高分子膜分离材料的表面工程= Surface engineering of polymer membrances/Zhikang Xu, Xiaojun Huang, Lingshu Wan.-杭州:浙江大学出版社,2008.10 |
| XI, 333页:图;24cm |
| ISBN 978-7-308-06169-8(精装):CNY150.00 |
| 本书包括膜分离材料表面的接枝聚合、仿生与纳米结构的构建和酶的固定化等,学科领域涉及化学(高分子化学和有机化学)、材料科学(高分子膜分离材料)和生物工程(酶固定化)。 |
| ● |
| 相关链接 |
|
|
|
正题名:高分子膜分离材料的表面工程
索取号:TB324/X843
 
预约/预借
| 序号 | 登录号 | 条形码 | 馆藏地/架位号 | 状态 | 备注 |
| 1 | 742955 | 207429558 | 自科库501/501自科库 13排2列1层/ [索取号:TB324/X843] | 在馆 | |
| 2 | 742956 | 207429567 | 自科库501/501自科库 13排2列1层/ [索取号:TB324/X843] | 在馆 |